00588nam a2200205Ia 4500008004000000041000800040082001200048100001400060245003000074260004500104650000700149650001100156650001100167650001300178690002600191700001100217906001100228999001900239952012400258210210b1927 xxu||||| |||| 00| 0 eng d aeng a519/113 aWHITTAKER aCourse of modern analysis aCambridgebAt the University Pressc1927 aof amodern aCourse aanalysis aMathematical Analysis aWATSON a007974 c140832d140832 001040708MathematicsaALbALcMathematicsd2021-02-17g0.00l0o519/113p007974r2021-02-17 00:00:00w2021-02-17yBK